[Event "Lublin Chmielewski Memorial-B"]
[Site "Lublin"]
[Date "2013.12.27"]
[Round "2"]
[White "Bojczewski, Mateusz"]
[Black "Poleszczuk, Mikolaj"]
[Result "1/2-1/2"]
[WhiteElo "1400"]
[BlackElo "1326"]
[PlyCount "61"]
[EventDate "2013.12.27"]
[EventType "swiss"]
[EventRounds "7"]
[EventCountry "POL"]
[SourceTitle "CBM 158 Extra"]
[Source "ChessBase"]
[SourceDate "2014.02.28"]
[SourceVersion "1"]
[SourceVersionDate "2014.02.28"]
[SourceQuality "1"]

1. e4 e5 2. Nf3 Nc6 3. Nc3 Bc5 4. Bc4 d6 5. h3 Nf6 6. d3 h6 7. Be3 Bb6 8. 0-0 Bd7 9. Qd2 Qe7 10. d4 exd4 11. Nxd4 Bxd4 12. Bxd4 0-0-0 13. Rfe1 Nxd4 14. Qxd4 Kb8 15. Nb5 Bxb5 16. Bxb5 g5 17. e5 dxe5 18. Qxe5 Qxe5 19. Rxe5 Rd5 20. Rae1 Rhd8 21. Rxd5 Rxd5 22. Bc4 Rc5 23. b3 b5 24. Bxf7 Rxc2 25. Re6 Nd7 26. Rxh6 Rxa2 27. Bd5 Ra1+ 28. Kh2 a6 29. Bc6 Rd1 30. Bxd7 Rxd7 31. Rxa6 1/2-1/2